| 000 | 01081cam a2200337 i 4500 | ||
|---|---|---|---|
| 001 | 200462968 | ||
| 003 | TR-AnTOB | ||
| 005 | 20250711155605.0 | ||
| 007 | ta | ||
| 008 | 241107s2024 tu abh b 000 0 tur u | ||
| 020 |
_a9786254451126 _qhardcover |
||
| 040 |
_aTR-AnTOB _beng _erda _cTR-AnTOB |
||
| 041 | 0 | _atur | |
| 043 | _aa-tu--- | ||
| 050 | 1 | _aHB3633.4.M84 | |
| 090 |
_aHB3633.4.M84 _bO86 2024 |
||
| 245 | 0 | 0 |
_aOsmanlı nüfus defterlerinde Muğla / _c[hazırlayan Selahattin Durmaz]. |
| 264 | 1 |
_aMuğla : _bMuğla Valiliği, _c2024. |
|
| 300 |
_alxv, 330 pages : _billustrations, maps, facsimiles ; _c31 cm |
||
| 336 |
_atext _2rdacontent _btxt |
||
| 336 |
_astill image _2rdacontent _btxt |
||
| 337 |
_aunmediated _2rdamedia _bn |
||
| 338 |
_avolume _2rdacarrier _bnc |
||
| 500 | _aIncludes index | ||
| 650 | 7 |
_aNüfus _vİstatistikler _2etuturkob _941335 |
|
| 651 | 0 |
_aMuğla İli (Turkey) _9128670 |
|
| 651 | 7 |
_aTürkiye _xNüfus _vİstatistikler _2etuturkob _9142187 |
|
| 700 | 1 |
_aDurmaz, Selahattin _eeditor _9145295 |
|
| 942 |
_2lcc _cBK |
||
| 999 |
_c200462968 _d81180 |
||